All "1989 (Taylor's Version)" Songs - Taylor Swift - Statistics

General Stats
  • This quiz has been taken 380 times
    80 since last reset
  • The average score is 19 of 23
Answer Stats
Track # Answer % Correct
1 Welcome To New York (Taylor's Version)
98%
2 Blank Space (Taylor's Version)
93%
19 Now That We Don't Talk (Taylor's Version) (From The Vault)
90%
6 Shake It Off (Taylor's Version)
90%
21 Is It Over Now? (Taylor's Version) (From The Vault)
88%
4 Out Of The Woods (Taylor's Version)
88%
13 Clean (Taylor's Version)
86%
16 New Romantics (Taylor's Version)
86%
3 Style (Taylor's Version)
86%
20 Suburban Legends (Taylor's Version) (From The Vault)
86%
22 Bad Blood (feat. Kendrick Lamar) (Taylor's Version)
83%
8 Bad Blood (Taylor's Version)
83%
10 How You Get The Girl (Taylor's Version)
83%
17 "Slut!" (Taylor's Version) (From The Vault)
83%
9 Wildest Dreams (Taylor's Version)
79%
14 Wonderland (Taylor's Version)
79%
12 I Know Places (Taylor's Version)
76%
11 This Love (Taylor's Version)
76%
7 I Wish You Would (Taylor's Version)
74%
18 Say, Don't Go (Taylor's Version) (From The Vault)
71%
5 All You Had To Do Was Stay (Taylor's Version)
69%
15 You Are In Love (Taylor's Version)
67%
23 Sweeter Than Fiction (Taylor's Version)
48%
No matching quizzes found
Score Distribution
Percent of People with Each Score
Percentile by Number Answered
Your Score History
You have not taken this quiz since the last reset